000 00902cam a22002413a 4500
001 19759
003 PGUSA
005 20140828083422.0
008 061111s2006||||xxu|||||s|||||000 | eng d
040 _aPGUSA
_beng
042 _adc
050 4 _aHE
100 1 _aUnited States. Council of National Defense. Highways Transport Committee
245 1 0 _aAddress by Honorable Franklin K. Lane, Secretary of the Interior at Conference of Regional Chairmen of the Highways Transport Committee Council of National Defense
_h[electronic resource] /
_cUnited States. Council of National Defense. Highways Transport Committee
260 _bProject Gutenberg,
_c2006
506 _aPublic domain in the USA.
516 _aElectronic text
653 _aRoads
653 _aTransportation, Automotive
830 0 _aProject Gutenberg
_v19759
856 4 0 _uhttp://www.gutenberg.org/ebooks/19759
942 _cEB
999 _c249014
_d249014